Domestic saving and International capital flows (Registro nro. 26593)
[ vista simple ]
| 000 -LEADER | |
|---|---|
| fixed length control field | 00369 a2200121 4500 |
| 001 - CONTROL NUMBER | |
| control field | ART_12700 |
| 005 - DATE AND TIME OF LATEST TRANSACTION | |
| control field | 20260410161909.0 |
| 008 - FIXED-LENGTH DATA ELEMENTS--GENERAL INFORMATION | |
| fixed length control field | 260409a |
| 100 1# - MAIN ENTRY--PERSONAL NAME | |
| Personal name | Feldstein, Martin |
| 245 10 - TITLE STATEMENT | |
| Title | Domestic saving and International capital flows |
| 700 1# - ADDED ENTRY--PERSONAL NAME | |
| Personal name | Horioka, Charles |
| 773 0# - HOST ITEM ENTRY | |
| Title | The Economic Journal |
| Related parts | - Vol. 90, Nº 358 (jun. 1980) |
| Record control number | REV12512 |
No hay ítems disponibles.